01643nam a2200397Ia 4500001001200000003000800012006001900020007001500039008004100054010001700095020002800112020003500140020001800175040002100193035002100214050002500235082002300260100001900283245011200302260004800414300002400462490003000486504006400516533015200580650003700732650004200769650007100811650002600882650005000908650006000958650002401018655002901042710001701071830003101088856012601119ebr10279259CaPaEBRm u cr cn|||||||||970324s1998 nyua sb 001 0 eng d z 97008423  z0195096827 (alk. paper) z0195096835 (pbk. : alk. paper) z9780195096835 aCaPaEBRcCaPaEBR a(OCoLC)43582444814aPS374.N4bT36 1998eb04a813.009/8960732211 aTate, Claudia.10aPsychoanalysis and Black novelsh[electronic resource] :bdesire and the protocols of race /cClaudia Tate. aNew York :bOxford University Press,c1998. axvi, 238 p. :bill.1 aRace and American culture aIncludes bibliographical references (p. 213-227) and index. aElectronic reproduction.bPalo Alto, Calif. :cebrary,d2011.nAvailable via World Wide Web.nAccess may be limited to ebrary affiliated libraries. 0aAfrican Americans in literature. 0aAfrican AmericansxIntellectual life. 0aAmerican fictionxAfrican American authorsxHistory and criticism. 0aDesire in literature. 0aPsychoanalysis and literaturezUnited States. 0aPsychological fiction, AmericanxHistory and criticism. 0aRace in literature. 7aElectronic books.2local2 aebrary, Inc. 0aRace and American culture.40uhttp://site.ebrary.com/lib/rucke/Doc?id=10279259zAn electronic book accessible through the World Wide Web; click to view